Moderne Biographien (Record no. 6986)

MARC details
000 -CABECERA
campo de control de longitud fija 00940nam a2200217 a 4500
001 - NÚMERO DE CONTROL
campo de control BRCA_7310
005 - FECHA Y HORA DE LA ÚLTIMA TRANSACCIÓN
campo de control 20190321142933.0
008 - DATOS DE LONGITUD FIJA--INFORMACIÓN GENERAL
campo de control de longitud fija 130612s1811----gw-a######---#000-0#ger-#
041 ## - CÓDIGO DE LENGUA
Código de lengua del texto/banda sonora o título independiente ger
044 ## - CÓDIGO DEL PAÍS DE LA ENTIDAD EDITORA/PRODUCTORA
Código MARC del país gw
050 #4 - SIGNATURA TOPOGRÁFICA DE LA BIBLIOTECA DEL CONGRESO
Número de documento/Ítem .R45 1811
100 1# - ENTRADA PRINCIPAL--NOMBRE DE PERSONA
Nombre de persona Reichard, Karl
9 (RLIN) 18074
245 10 - MENCIÓN DE TÍTULO
Título Moderne Biographien
Resto del título oder kurze Nachrichten von dem Leben und den Thaten der berühmtesten Menschen, welche sich, seit dem Anfange der französischen Revolution bis zu dem Wiener Frieden, als Regenten, Feldherren, Staatsmänner, Gelehrte und Künstler ausgezeichnet haben
Mención de responsabilidad, etc. aus dem Französischen frey übers. und mit vielen neuen Biographien vermehrt von Karl Reichard.
260 ## - PUBLICACIÓN, DISTRIBUCIÓN, ETC.
Lugar de publicación, distribución, etc. Leipzig
Nombre del editor, distribuidor, etc. Bernhard Fleischer
Fecha de publicación, distribución, etc. 1811
300 ## - DESCRIPCIÓN FÍSICA
Extensión 3 v.
Otras características físicas il.
Dimensiones 19 cm.
440 #0 - MENCIÓN DE SERIE/PUNTO DE ACCESO ADICIONAL--TÍTULO
Título Reichards Biographien
Designación de volumen o secuencia 4-5-6
9 (RLIN) 18075
500 ## - NOTA GENERAL
Nota general Estado físico : los 3 vol. deteriorados y mutilados en la guarda
500 ## - NOTA GENERAL
Nota general L76
-- Biografías
902 ## - CATALOGADOR
Iniciales GFM
942 ## - ELEMENTOS DE PUNTO DE ACCESO ADICIONAL (KOHA)
Fuente del sistema de clasificación o colocación Library of Congress Classification
Tipo de ítem Koha Libros
Holdings
Estado de retiro Estado de pérdida Estado dañado No para préstamo Localización permanente Ubicación/localización actual Fecha de adquisición Número de inventario Total de préstamos Signatura topográfica completa Código de barras Fecha visto por última vez Precio válido a partir de Tipo de ítem Koha
El ejemplar forma parte de la colección y puede ser consultado según las políticas vigentes.       Biblioteca del Museo Franz Mayer (Rogerio Casas-Alatriste) Biblioteca del Museo Franz Mayer (Rogerio Casas-Alatriste) 13/06/2012 L76   .R45 1811 (L76) 7893 22/03/2019 22/03/2019 Libros